000 00602cam a2200205 a 4500
999 _c130101
_d130101
001 16856569
005 20230121120936.0
008 110705s2011 moua b 001 0 eng
020 _a9780323751520
040 _cPK-LaUMT
082 0 0 _a616.1062
_223
_bHIL-E
100 _aHilleghass, Ellen
245 0 0 _aEssentials of cardiopulmonary physical therapy /
_cby Ellen Hillegass
250 _a5th ed.
260 _aMissouri :
_bElsevier,
_c2022
300 _a822 p. :
_bill. ;
_c28 cm.
650 0 _aCardiopulmonary system
_xDiseases
_xPhysical therapy.
700 1 _aHillegass, Ellen A.
942 _cBK